Paralleľnyje vyčislenija /

Na minha lista:
Detalhes bibliográficos
Autor principal: Rodrigue, G (Author)
Formato: Livro
Publicado em: Moskva : Nauka, 1986
Tags: Adicionar Tag
Sem tags, seja o primeiro a adicionar uma tag!

MARC

LEADER 00000nam a22000003a 4500
001 stu20105
005 20150617225754.1
008 ------s1986----xxr---------------------d
040 |a STU  |b slo 
041 0
044 |a xxr 
080 |a 519.6 
100 1 |a Rodrigue, G  |4 aut 
245 1 |a Paralleľnyje vyčislenija /  |c [aut.]Rodrigue,G 
260 |a Moskva :  |b Nauka,  |c 1986 
300 |a 372 s :  |b Grafy,tab.,lit 
500 |a prel. z angl.orig. 
996 |b C79333  |c C*79333  |l CCIII  |s P  |a 0  |w stu20105_0002